000 01219cam a22003497a 4500
003 CHAP
005 20220329141950.0
008 981009d1996 es a r 00110 spa d
010 _a76367
011 _a77339
020 _a8420008168
035 _a86944
040 _cCHAP
082 0 4 _a641.1
_bF51Y
100 0 0 _aFlint, Olga.
_941289
245 1 0 _aMicroscopía de los alimentos :
_bmanual de métodos prácticos utilizando la microscopía óptica
_c/por Olga Flint
260 _aZaragoza , España :
_bAcribia,
_c1996.
300 _a131 p. :
_bilus.
590 _aBATCH-UPD
_b10
_c20130110
_lUCH01
_h0013
590 _aBATCH-UPD
_b10
_c20130110
_lUCH01
_h0514
590 _aBATCH-UPD
_b10
_c20130409
_lUCH01
_h1950
590 _aBATCH-UPD
_b10
_c20130410
_lUCH01
_h0831
590 _aBATCH-UPD
_b10
_c20130914
_lUCH01
_h0154
590 _aCONVERSION
_b10
_c20130109
_lUCH01
_h1342
650 1 4 _aAlimentos
_xAnálisis
_xManuales de laboratorio.
_94167
650 1 4 _aAlimentos
_xQuímica de.
_94275
650 1 4 _aMicroscopio y microscopía
_xTécnicas.
_975538
901 _aBK
905 _aMayto Villalobos S.
942 _cLIBRO
949 _a641.1 F51Y
_bBC
_cLIBRO
_d33724000707436
_eLIBRO
_gI.191591
_h93503
_i86944
_si
_t$224.00
999 _c76367
_d76367